[Event "SRI-ch (Women)"]
[Site "Colombo"]
[Date "2024.03.25"]
[Round "6"]
[White "Jayasundara, JM Theruni V"]
[Black "Alwis, H Sandithi Kusalya"]
[Result "1-0"]
[WhiteElo "1593"]
[BlackElo "1639"]
[PlyCount "69"]
[EventDate "2024.03.22"]
[EventType "tourn"]
[EventRounds "13"]
[EventCountry "SRI"]
[SourceTitle "CB15_2024"]
[SourceDate "2024.04.10"]
[SourceVersion "1"]
[SourceVersionDate "2024.04.10"]
[SourceQuality "1"]

1. d4 d5 2. c4 e6 3. Nc3 Nf6 4. cxd5 exd5 5. Bg5 Nbd7 6. e3 c6 7. Nf3 Be7 8. Bd3 0-0 9. Qc2 Re8 10. 0-0 h6 11. Bf4 Nh5 12. Nxd5 Nxf4 13. Nxf4 Nf6 14. h3 Nd5 15. Bh7+ Kf8 16. Nxd5 cxd5 17. Bd3 Bd6 18. Bb5 g6 19. Bxe8 Qxe8 20. Qb3 Qe4 21. Nd2 Qf5 22. Rfd1 b6 23. Rac1 Bd7 24. Qc2 Qg5 25. Nf3 Qh5 26. Ne5 Be6 27. Qc6 Rd8 28. Qb7 f6 29. Nc6 Re8 30. Nxa7 Bxh3 31. Qxb6 Re6 32. Qd8+ Kf7 33. Qd7+ Be7 34. gxh3 Qf3 35. Nc6 1-0

[Event "SRI-ch (Women)"]
[Site "Colombo"]
[Date "2024.03.25"]
[Round "7"]
[White "Rathnayake, RM Dulinma Hemalni"]
[Black "Jayasundara, JM Theruni V"]
[Result "1-0"]
[WhiteElo "1749"]
[BlackElo "1593"]
[PlyCount "35"]
[EventDate "2024.03.22"]
[EventType "tourn"]
[EventRounds "13"]
[EventCountry "SRI"]
[SourceTitle "CB15_2024"]
[SourceDate "2024.04.10"]
[SourceVersion "1"]
[SourceVersionDate "2024.04.10"]
[SourceQuality "1"]

1. e4 c5 2. b3 Nc6 3. Bb2 e5 4. Bb5 Nge7 5. Bc4 d6 6. Nc3 g6 7. Qf3 f5 8. Nh3 Nd4 9. Qd3 h6 10. Nd5 Nec6 11. c3 fxe4 12. Qg3 Nc2+ 13. Kd1 Nxa1 14. Qxg6+ Kd7 15. Qf5+ Ke8 16. Nf6+ Ke7 17. Ng8+ Ke8 18. Bf7# 1-0

[Event "SRI-ch (Women)"]
[Site "Colombo"]
[Date "2024.03.22"]
[Round "1"]
[White "Jayasundara, JM Theruni V"]
[Black "Newansa, M Esandi"]
[Result "0-1"]
[WhiteElo "1593"]
[BlackElo "1707"]
[PlyCount "168"]
[EventDate "2024.03.22"]
[EventType "tourn"]
[EventRounds "13"]
[EventCountry "SRI"]
[SourceTitle "CB15_2024"]
[SourceDate "2024.04.10"]
[SourceVersion "1"]
[SourceVersionDate "2024.04.10"]
[SourceQuality "1"]

1. d4 d5 2. c4 c6 3. Nc3 Nf6 4. Bg5 dxc4 5. e3 b5 6. a4 b4 7. Na2 Ne4 8. Bf4 b3 9. Nc3 Nxc3 10. bxc3 Qa5 11. Qc1 Ba6 12. Nf3 Nd7 13. Nd2 Nb6 14. Bc7 Rc8 15. Bxb6 Qxb6 16. Qb2 e6 17. Nxc4 Bxc4 18. Bxc4 Rb8 19. Rb1 Qa5 20. Bxb3 c5 21. dxc5 Bxc5 22. 0-0 0-0 23. Rfc1 Rb7 24. Qc2 Rc7 25. Qa2 Rd8 26. c4 Rcd7 27. Qe2 Rd2 28. Qf3 Qb4 29. g3 Qa3 30. Rd1 g6 31. Rxd2 Rxd2 32. Bd1 Qd3 33. Ra1 Ba3 34. e4 Qxf3 35. Bxf3 Bc5 36. Rf1 Rc2 37. Bd1 Rxc4 38. Kg2 Rxe4 39. Bc2 Re2 40. Bd3 Ra2 41. Bb5 Kf8 42. g4 Ke7 43. Kg3 g5 44. h3 h6 45. Kg2 e5 46. Kg3 f6 47. Kg2 Bd4 48. Kg3 Bc5 49. Bc6 Kd6 50. Bb5 Kc7 51. Kg2 Kb6 52. Be8 Rb2 53. Kg3 e4 54. Bg6 Bd6+ 55. Kg2 Rb4 56. Ra1 Ka5 57. Be8 Be5 58. Rd1 Bd4 59. Re1 Bc5 60. Rd1 Rb2 61. Rf1 e3 62. Kf3 exf2 63. Bb5 a6 64. Be2 Ra2 65. Rc1 Bb6 66. Rc8 Ra1 67. Kg2 Rg1+ 68. Kf3 f1Q+ 69. Bxf1 Rxf1+ 70. Kg3 Kxa4 71. Rh8 Kb5 72. Rxh6 a5 73. Rh5 Kb4 74. Rh8 a4 75. Rc8 a3 76. Rc2 Bd4 77. h4 Rg1+ 78. Kh3 Rh1+ 79. Kg2 Rxh4 80. Kg3 Kb3 81. Rd2 a2 82. Rxd4 a1Q 83. Rd3+ Kc4 84. Rf3 Qg1# 0-1